|
|
|
|
| LEADER |
00000cjm a2200000 a 4500 |
| 001 |
INS-PIA 112 |
| 005 |
20230308201131.0 |
| 008 |
007022| ||||||||r|||||||||||spa|| |
| 040 |
|
|
|b spa
|
| 041 |
1 |
|
|a spa
|
| 082 |
0 |
|
|a Sia408
|
| 100 |
1 |
|
|a Schumman, Robert
|9 174760
|
| 245 |
|
|
|a Murray Perahia: piano
|c Robert Schumman
|h cd
|
| 300 |
|
|
|a 1 disco compacto sonoro
|c 12 cm
|e Digital stereo
|
| 500 |
|
|
|a Disco de audio fotocopia
|
| 505 |
|
|
|a 1. Estudios Sinfónicos.-- 2. Posthumous Etudes.-- 3. Papillons Op. 2
|
| 653 |
|
|
|a Grabación sonora para piano
|
| 650 |
1 |
|
|a Piano
|9 51420
|
| 650 |
1 |
|
|a Schumman
|9 174766
|
| 852 |
|
|
|a UC-YANUNCAY
|c SALA 2 ARTES
|f Donación
|k jhoanna.mogollon
|l 1
|m General
|p 20070227
|q 2.00
|t INS-PIA 112
|b 0
|d CDRY
|e CDRY
|g Sia408 SALA 2 ARTES
|z 2007-70-22
|
| 942 |
|
|
|c CF
|
| 999 |
|
|
|c 94005
|d 94005
|